000 00505nam a22001937a 4500
003 LK-CoMWRAF
005 20231031122912.0
008 231031b |||||||| |||| 00| 0 eng d
020 _a9789556250435
040 _aLK-CoMWRAF
_dLK-CoMWRAF
_eLK-CoMWRAF
041 _aeng
082 _a297
_bHUS
100 _aHussein, Asiff
245 _aTolerance in Islam
260 _aColombo :
_bMuslim women's research and action forum
_c2012
300 _a28p. : 21cm.
650 _aIslam--Tolerance
942 _cBK
999 _c4049
_d4049